000 00928cab a2200289 4500
001 ABS47006
008 090401t1992 xxu||||| |||| 00| 0 eng d
035 _a(Sirsi) u60356
041 _aeng
245 _aNew specifiers
260 _c1992
350 _a0
490 _aBuilding Market Report
_vSeptember 1992, 8-9(2)
520 _aAn overview on trends in procurement methods, which examines the design and build market. Covers the develop and build approach, novation, criticisms of design and build and looks at what is likely to happen in the future.
650 _aCONSTRUCTION PROCUREMENT
650 _aDESIGN AND BUILD
650 _aDESIGN AND MANAGE
650 _aDEVELOP AND CONSTRUCT
650 _aNOVATION
650 _aPACKAGE DEAL CONTRACTS
650 _aPROCUREMENT METHODS
650 _aTARMAC
650 _aTOTAL BUILD
690 _aBUILT ENVIRONMENT
942 _n0
948 _c04/03/1997
999 _c37205
_d37205